000
00316 a2200109 4500
001
ART_7263
005
20260410161623.0
008
260409a
245
1
0
_a
La Ley 25.152, de solvencia fiscal y sus peripecias
100
1
_a
Atchabahian, Adolfo
773
0
_t
Enfoques
_g
- NÂș 1 (ene. 2012)
_w
REV416
999
_c
11750
_d
11750